| 000 | 00790nam a22002297a 4500 | ||
|---|---|---|---|
| 003 | BUBTL | ||
| 008 | 230329b ||||| |||| 00| 0 eng d | ||
| 020 | _a9780521152181 | ||
| 082 | _a428.007/ Ur11g/ 2009 | ||
| 100 |
_95268 _aUr, Penny |
||
| 245 |
_aGrammar practice activities : _ba practical guide for teachers / _cPenny Ur |
||
| 250 | _a2nd Edn | ||
| 260 |
_aCambridge: _bCambridge University Press, _cc2009 |
||
| 300 |
_axiii, 321 p.: _bills.; _c24 cm. |
||
| 440 |
_95269 _aCambridge handbooks of Language teachers |
||
| 500 | _aIncludes Index | ||
| 505 | _aGrammar practice activities, a practical guide for teachers, Penny Ur, English Language, English | ||
| 650 | 0 |
_9194 _aEnglish Language |
|
| 856 |
_k0 _l0 _yDownload |
||
| 942 |
_2ddc _cBK |
||
| 999 |
_c7011 _d7011 |
||